| 000 | 00391 a2200121 4500 | ||
|---|---|---|---|
| 001 | ART_63813 | ||
| 005 | 20260410161803.0 | ||
| 008 | 260409a | ||
| 245 | 1 | 0 | _a¿Es posible reemplazar a los profesionales matriculados por una IA? |
| 100 | 1 | _aCoronello, Silvina E. | |
| 700 | 1 | _aIglesias Araujo, Fabiana | |
| 773 | 0 |
_tDoctrina tributaria _g- Nº 550 (ene. 2026) _wREV4296 |
|
| 999 |
_c20736 _d20736 |
||